Thermodynamics and statistical mechanics /

Bibliographic Details
Main Author: Landsberg, Peter T. (Peter Theodore)
Format: Book
Language:English
Published: Oxford ; New York : Oxford University Press, 1978.
Subjects:

MARC

Tag First Indicator Second Indicator Subfields
LEADER 00000cam a2200000 a 4500
001 in00000071529
005 20151008062251.0
008 791129s1978 enka b 00110 engm
010 |a  79320245  
015 |a GB*** 
020 |a 0198511426 
035 |a (OCoLC)05257434 
035 |9 AAJ9865AM 
040 |a DLC  |c DLC  |d m.c.  |d TXA  |d UtOrBLW 
049 |a TXAM  |c [1441897] 
050 0 0 |a QC174.8  |b .L37 
082 0 |a 530.1/3 
100 1 |a Landsberg, Peter T.  |q (Peter Theodore) 
245 1 0 |a Thermodynamics and statistical mechanics /  |c Peter T. Landsberg. 
264 1 |a Oxford ;  |a New York :  |b Oxford University Press,  |c 1978. 
300 |a xii, 461 pages :  |b illustrations ;  |c 25 cm. 
336 |a text  |b txt  |2 rdacontent 
337 |a unmediated  |b n  |2 rdamedia 
338 |a volume  |b nc  |2 rdacarrier 
500 |a Includes indexes. 
504 |a Bibliography: pages [439]-440. 
650 0 |a Statistical mechanics. 
650 0 |a Thermodynamics. 
999 |a MARS 
999 f f |s c21d50ec-dd41-3827-83ba-deaf2bc23f1f  |i 23383454-0779-35b6-a65a-5d6ef6c48c5c  |t 0 
952 f f |p normal  |a Texas A&M University  |b College Station  |c Sterling C. Evans Library  |d Evans: Library Stacks  |t 0  |e QC174.8 .L37  |h Library of Congress classification  |i unmediated -- volume  |m A14806207990 
998 f f |a QC174.8 .L37  |t 0  |l Evans: Library Stacks